000 00542nam a22001817a 4500
005 20251108165807.0
008 250721s1993 xx 000 0 ara d
082 1 4 _aط/211.8/عبد
100 1 _aعبد العظيم، محمد
245 1 0 _aقصة حلم /
264 1 _aطنطا :
_bدار الصحابة للتراث،
_c1993.
300 _a
490 0 _aسلسلة القصص القرآني للأطفال
650 1 7 _aقصص القران
653 _aاشئون صغار (10-14) سنة
942 _2ddc
_cBK
999 _c31459
_d31459